Musique : nommez toutes les tessitures vocales - Statistiques

Statistiques générales
  • Ce quiz a été pris 218 fois
  • Le résultat moyen est 5 sur 7
Statistiques - réponses
Exemple Tessiture % Correct
Céline Dion, Mariah Carey... Soprano
91%
Michael Jackson, Paul McCartney... Ténor
86%
Nina Simone, Shakira... Contralto
85%
Frank Sinatra, David Bowie... Baryton
84%
Marc Lavoine, Barry White... Basse
73%
Aretha Franklin, Adele... Mezzo-soprano
49%
Jeff Buckley, Chris Martin... Contre-ténor
37%
Aucun quiz correspondant
Distribution des résultats
% des personnes avec chaque résultat
Percentile par nombre de réponses
Votre historique - résultats
Vous n’avez pas pris ce quiz